000 00828cam a2200241 a 4500
001 000015856
005 20200929164158.0
008 850227s1973 mx a b 001 0 spa
040 _aDO-SdBNP
_bspa
_cDLC
_dBNPHU
082 _a091.72
_bV146m
100 1 _aValdiosera Berman, Ramón.
_d1918-
_935684
245 1 3 _aLa maldición de los códices mexicanos /
_cRamón Valdiosera Berman.
260 _aMéxico :
_bEditorial Posada,
_c1973.
300 _a159 p. :
_bil. ;
_c17 cm.
490 1 _aDuda
_v47
504 _aIncluye referencias bibliográficas (p. 151-152).
650 4 _aManuscritos mexicanos, (pre-colombino)
_xHistoria
_935685
650 4 _aManuscritos, náhuatl
_xHistoria
_935686
650 4 _aManuscritos mayas
_xHistoria
_935687
830 0 _aDuda ;
_v47
_935688
910 _aCatalogación derivada
049 _aBNGR
999 _c15399
_d15399